000 00389nam a2200157Ia 4500
008 230917s9999||||xx |||||||||||||| ||und||
040 _e41505
_aMAIN
041 _aEnglish
082 _a942 C547O
100 _aPowicke, Maurice
245 4 _aThe thirteenth century : 1216-1307
250 _a2nd ed.
260 _aOxford
_bClarendon Press
_c1962
300 _axiv, 829 p.
942 _cBK
999 _c182946
_d182946